| 000 | 00740nam a2200217Ii 4500 | ||
|---|---|---|---|
| 003 | JO-AjNU | ||
| 008 | 230605s9999||||xx |||||||||||||| ||und|| | ||
| 017 | _a2001/12/2548 | ||
| 040 |
_aJO-AjNU _bara _erda _cJO-AjNU |
||
| 041 | _aara | ||
| 050 | 1 | 4 | _aDT20.W37 2002 |
| 100 | 3 |
_aحميدي، جعفر عباس, _eauthor _942089 |
|
| 245 | 0 | 0 | _aتاريخ أفريقيا الحديث والمعاصر |
| 250 | _aط1 | ||
| 264 | 3 | 1 | _aعمان: دار الفكر للطباعة والنشر والتوزيع، 2002 |
| 300 | _a304ص | ||
| 336 |
_atext _btxt _2rdacontent |
||
| 337 |
_aunmediated _bn _2rdamedia |
||
| 338 |
_avolume _bnc _2rdacarrier |
||
| 650 | 4 |
_aتاريخ افريقيا الحديث والمعاصر- تاريخ _942090 |
|
| 999 |
_aA17996 _c21564 _d21564 |
||